|
|
|
|
| LEADER |
01012nam a22002651a 4500 |
| 001 |
000718736 |
| 003 |
CZ BrMZK |
| 005 |
20150224104444.0 |
| 007 |
ta |
| 008 |
040531s1960 xr f cze |
| 040 |
|
|
|a BOA001
|b cze
|c BOA001
|
| 041 |
0 |
|
|a cze
|a ger
|
| 100 |
1 |
|
|a Jokl, Alois,
|d 1887-1967
|7 jk01052053
|4 aut
|
| 245 |
1 |
0 |
|a Němčina pro 2. ročník hospodářských škol se čtyrletým studiem /
|c zpracoval Alois Jokl za spolupráce Jarmily Krausové
|
| 250 |
|
|
|a 3. vyd.
|
| 260 |
|
|
|a Praha :
|b Státní pedagogické nakladatelství,
|c 1960
|
| 300 |
|
|
|a 137 s.
|
| 490 |
1 |
|
|a Učebnice odborných škol
|
| 700 |
1 |
|
|a Krausová, Jarmila
|7 jx20041116013
|4 aut
|
| 830 |
|
0 |
|a Učebnice odborných škol
|0 s
|
| 910 |
|
|
|a BOA001
|b PK-0014.104-60
|b 2-0389.475-60
|
| 920 |
|
|
|a 001368760
|
| 990 |
|
|
|a BK
|
| 996 |
6 |
|
|b 2619621704
|c 2-0389.475-60
|l MZK
|r Sklad / do 24 hodin
|n 0
|w 000718736
|u 000020
|a 1
|e BOA001
|j MZK50
|s P
|
| 996 |
7 |
|
|b 3119687101
|c PK-0014.104-60
|l MZK
|r Sklad / do 1 hodiny
|n 0
|w 000718736
|u 000010
|a 1
|e BOA001
|j MZK50
|s A
|